Last First Kiss - One Direction (All Lyrics) - Statistics

General Stats
  • This quiz has been taken 118 times
    117 since last reset
  • The average score is 320 of 356
Answer Stats
Lyrics % Correct
A
100%
I,
100%
I
100%
You
100%
You,
100%
Be
98%
First
98%
First,
98%
Me
98%
Me,
98%
Kiss
96%
Kiss)
96%
Wanna
96%
When
96%
Baby
95%
Baby,
95%
Last,
95%
Last
95%
Yeah?
95%
Yeah,
95%
Yeah
95%
Yeah;
95%
Your,
95%
Your
95%
(Your
95%
Is
91%
It
91%
If
89%
Know
89%
To
89%
What
89%
Do?
88%
The
88%
Think
88%
Alone
86%
Are
86%
Girl,
86%
Let
86%
Of
86%
Would
86%
You're
86%
And
84%
Say?
82%
Thinking
82%
Oh?
80%
Oh,
80%
Oh
80%
Stay
80%
Stay,
80%
This
80%
Take
79%
All
77%
Like
77%
For
75%
Only
71%
Way
71%
Tell
70%
Were
70%
While
70%
Been
68%
I'm
68%
Just
66%
Knew
66%
That
66%
Now
64%
Friends
63%
Smile
63%
Fool,
61%
Maybe
59%
We've
59%
Away
55%
Mistake
55%
Wanted
52%
Change
50%
Gotta
48%
Run
46%
Wait
46%
You'll
46%
Afraid
45%
No matching quizzes found
Score Distribution
Percent of People with Each Score
Percentile by Number Answered
Your Score History
You have not taken this quiz since the last reset